Elliptic curves in cryptography (Record no. 6720)
[ view plain ]
| 000 -LEADER | |
|---|---|
| fixed length control field | 00821 a2200229 4500 |
| 020 ## - INTERNATIONAL STANDARD BOOK NUMBER | |
| International Standard Book Number | 0521653746 |
| 040 ## - CATALOGING SOURCE | |
| Original cataloging agency | DLC |
| Language of cataloging | English |
| 082 00 - DEWEY DECIMAL CLASSIFICATION NUMBER | |
| Classification number | 005.82 |
| 100 1# - MAIN ENTRY--PERSONAL NAME | |
| Personal name | Blake, Ian F. |
| 245 10 - TITLE STATEMENT | |
| Title | Elliptic curves in cryptography |
| Statement of responsibility, etc. | I.F. Blake, G. Seroussi, and N.P. Smart. |
| 260 ## - PUBLICATION, DISTRIBUTION, ETC. | |
| Place of publication, distribution, etc. | New York : |
| Name of publisher, distributor, etc. | Cambridge University Press, |
| Date of publication, distribution, etc. | 1999. |
| 300 ## - PHYSICAL DESCRIPTION | |
| Extent | p. cm. |
| 440 #0 - SERIES STATEMENT/ADDED ENTRY--TITLE | |
| Title | London Mathematical Society lecture note series ; |
| Volume/sequential designation | 265 |
| 650 #0 - SUBJECT ADDED ENTRY--TOPICAL TERM | |
| Topical term or geographic name entry element | Computer security. |
| 650 #0 - SUBJECT ADDED ENTRY--TOPICAL TERM | |
| Topical term or geographic name entry element | Cryptography. |
| 650 #0 - SUBJECT ADDED ENTRY--TOPICAL TERM | |
| Topical term or geographic name entry element | Curves, Elliptic |
| General subdivision | Data processing. |
| 700 1# - ADDED ENTRY--PERSONAL NAME | |
| Personal name | Seroussi, G. |
| Dates associated with a name | 1955- |
| 700 1# - ADDED ENTRY--PERSONAL NAME | |
| Personal name | Smart, Nigel P. |
| Dates associated with a name | 1967- |
| 856 42 - ELECTRONIC LOCATION AND ACCESS | |
| Materials specified | Publisher description |
| Uniform Resource Identifier | <a href="http://www.loc.gov/catdir/description/cam029/99019696.html">http://www.loc.gov/catdir/description/cam029/99019696.html</a> |
| 856 42 - ELECTRONIC LOCATION AND ACCESS | |
| Materials specified | Table of contents |
| Uniform Resource Identifier | <a href="http://www.loc.gov/catdir/toc/cam027/99019696.html">http://www.loc.gov/catdir/toc/cam027/99019696.html</a> |
| 942 ## - ADDED ENTRY ELEMENTS (KOHA) | |
| Koha item type | Book |
| Call number prefix | 005.82 BLA |
| Source of classification or shelving scheme | |
| Withdrawn status | Lost status | Damaged status | Not for loan | Collection code | Permanent Location | Current Location | Shelving location | Date acquired | Source of acquisition | Cost, normal purchase price | Total Checkouts | Full call number | Barcode | Date last seen | Date last checked out | Price effective from | Koha item type |
|---|---|---|---|---|---|---|---|---|---|---|---|---|---|---|---|---|---|
| Central Library (CL) | Central Library (CL) | First Floor - Artificial Intelligence/Data Mining | 03/04/2003 | progressive International Agencies | 2589.84 | 1 | 005.82 BLA | SEECS003175 | 12/27/2019 | 08/20/2019 | 01/05/2017 | Book |
